000 00848nam a22002537a 4500
005 20241025155126.0
010 _aENG-142445
020 _a9789361597718
_c580.00
035 _aEN-125977
037 _bDBAD
082 _21
_a519.4
100 _aKodi, K. Basari
_973498
245 _aStatistics and Numerical Methods/
_cBy K. Basari Kodi...[et.al]
250 _a1
260 _aNoida
_bPearson India Education
_c2024
270 _a15th floor, Tower- B, World Trade Tower, plot No.1, Block -C, Sector-16, Noida,
_bUttar Pradesh
_e201301
300 _avpp.
_c24cm(pb)
700 _aSathikala, L.
_eAuthor
_973499
700 _aManimaran, T.
_eAuthor
_973500
700 _aSubramanian, K.
_eAuthor
_973501
700 _aSubasree, R.
_eAuthor
_973502
700 _aSelvaraj, G.
_eAuthor
_973503
942 _2ddc
_cEN
_h519.4
_mKOD
_e1
999 _c206773
_d206773